El maromero / (Registro nro. 12518)

Detalles MARC
000 -LIDER
fixed length control field 00760nam a22002417a 4500
003 - IDENTIFICACDOR DE NÚMERO DE CONTROL
control field DO-SdBNP
005 - DATE AND TIME OF LATEST TRANSACTION
control field 20180214103347.0
008 - ELEMENTOS DE LONGITUD FIJA
fixed length control field 160718 2000 pe a spa d
020 ## - ISBN
International Standard Book Number 8420458430
040 ## - FUENTE DE CATALOGACIÓN
Agencia que crea de manera original el registro BPMSU
Idioma de catalogación spa
Agencia que realiza la transcripción BPMSU
100 1# - ASIENTO PRINCIPAL -- NOMBRE PERSONAL
Nombre personal Eslava, Jorge
245 13 - MENCIÓN DE TITULO
Título El maromero /
Mención de responsabilidad Jorge Eslava ; ilustraciones Aldo Shiroma
260 ## - PUBLICACIÓN, DISTRIBUCIÓN, ETC. (PIE DE IMPRENTA)
Lugar de publicación, distribución, etc Santafé de Bogota, Colombia :
Nombre del editor, distribuidor, etc. Alfaguara,
-- Unicef,
Fecha de publicación, distribución, etc 2000.
300 ## - DESCRIPCIÓN FÍSICA
Extensión 29 p. :
Otros detalles físicos il. ;
Dimensiones 29 cm.
490 0# - MENCIÓN DE SERIES
Mención de serie Derechos del niño
Volume/sequential designation 9
490 0# - MENCIÓN DE SERIES
Mención de serie Derechos a recibir auxilio y protección
700 12 - ASIENTO SECUNDARIO -- NOMBRE PERSONAL
Nombre personal Shiroma, Aldo
Mención de responsabilidad il.
830 #0 - ASIENTO SECUNDARIO DE SERIE--TÍTULO UNIFORME
Título uniforme Derechos del niño
Número de la parte o sección de una obra 9
830 #0 - ASIENTO SECUNDARIO DE SERIE--TÍTULO UNIFORME
Título uniforme Derecho a recibir auxilio y protección
942 ## - ADDED ENTRY ELEMENTS (KOHA)
Source of classification or shelving scheme Dewey Decimal Classification
Koha item type Libros
945 ## - INFORMACIÓN DE PROCESAMIENTO LOCAL
Información de procesamiento local Inventariado,2018/MFF
956 ## - LOCAL ELECTRONIC LOCATION AND ACCESS (OCLC)
Método de acceso YLOCKWARD
Materiales especificados 10
Campo enlazado y núm. de secuencia BPMSU
Nombre de host 00144
Existencias
Withdrawn status Lost status Source of classification or shelving scheme Damaged status Not for loan Collection code Home library Current library Date acquired Source of acquisition Total Checkouts Barcode Date last seen Price effective from Koha item type Copy number
    Dewey Decimal Classification     Colección Infantil General Biblioteca Pública Metropolitana Salomé Ureña Biblioteca Pública Metropolitana Salomé Ureña 01/18/2017 Donado por Alfaguara   BPMSU17010734 01/18/2017 01/18/2017 Libros  
    Dewey Decimal Classification     Colección Infantil General Biblioteca Pública Metropolitana Salomé Ureña Biblioteca Pública Metropolitana Salomé Ureña 01/18/2017 Donado por Alfaguara   BPMSU17010735 01/18/2017 01/18/2017 Libros e. 2